000 00477nam a22001937a 4500
003 MPLRDC
005 20220104150924.0
008 210129b ||||| |||| 00| 0 eng d
020 _a957-30695-1-2
082 _a415.5 LZT
100 _a王德宏策划
245 _a消化大补帖2000
_c
250 _a初版
260 _a
_b健康出版社
_c2000
300 _b
490 _a健康世界丛书. 142
650 _a消化系病; 胃肠病
942 _cBK
_o415.5 LZT
999 _c52107
_d52097